[Event "Irena Warakomska Memorial B"]
[Site "Suwalki"]
[Date "2020.08.09"]
[Round "5"]
[White "Racis, Michal"]
[Black "Borowik, Monika"]
[Result "1-0"]
[Board "16"]
[WhiteElo "1554"]
[WhiteCountry "POL"]
[WhiteFideId "21886717"]
[WhiteEloChange "5"]
[BlackElo "1348"]
[BlackCountry "POL"]
[BlackFideId "21845123"]
[BlackEloChange "-5"]

1. d4 {[%clk 1:30:30]} Nf6 {[%clk 1:30:30]} 2. Bg5 {[%clk 1:30:30]} Ne4 {[%clk
1:30:30]} 3. Bh4 {[%clk 1:30:30]} g5 {[%clk 1:30:30]} 4. f3 {[%clk 1:30:30]} gxh4
{[%clk 1:30:30]} 5. fxe4 {[%clk 1:30:30]} d5 {[%clk 1:30:30]} 6. exd5 {[%clk
1:30:30]} Qxd5 {[%clk 1:30:30]} 7. Nc3 {[%clk 1:30:30]} Qd8 {[%clk 1:30:30]} 8.
e3 {[%clk 1:30:30]} Nc6 {[%clk 1:30:30]} 9. Qh5 {[%clk 1:30:30]} e6 {[%clk
1:30:30]} 10. Nf3 {[%clk 1:30:30]} Be7 {[%clk 1:30:30]} 11. Bb5 {[%clk 1:30:30]}
a6 {[%clk 1:30:30]} 12. Ne5 {[%clk 1:30:30]} Rf8 {[%clk 1:30:30]} 13. Nxc6 {[%clk
1:30:30]} Qd6 {[%clk 1:30:30]} 14. Nxe7+ {[%clk 1:30:30]} axb5 {[%clk 1:30:30]}
15. Nxc8 {[%clk 1:30:30]} Rxc8 {[%clk 1:30:30]} 16. Qxb5+ {[%clk 1:30:30]} c6
{[%clk 1:30:30]} 17. Qb3 {[%clk 1:30:30]} Rg8 {[%clk 1:30:30]} 18. Ne4 {[%clk
1:30:30]} Qe7 {[%clk 1:30:30]} 19. Rg1 {[%clk 1:30:30]} f5 {[%clk 1:30:30]} 20.
Nc5 {[%clk 1:30:30]} Kf7 {[%clk 1:30:30]} 21. Qxb7 {[%clk 1:30:30]} Rc7 {[%clk
1:30:30]} 22. Qa6 {[%clk 1:30:30]} Qd6 {[%clk 1:30:30]} 23. Qc4 {[%clk 1:30:30]}
Re7 {[%clk 1:30:30]} 24. O-O-O {[%clk 1:30:30]} Qxh2 {[%clk 1:30:30]} 25. Qe2
{[%clk 1:30:30]} Qg3 {[%clk 1:30:30]} 26. Qf3 {[%clk 1:30:30]} Qg5 {[%clk
1:30:30]} 27. Kb1 {[%clk 1:30:30]} Rc8 {[%clk 1:30:30]} 28. Ne4 {[%clk 1:30:30]}
Qh6 {[%clk 1:30:30]} 29. Nd6+ {[%clk 1:30:30]} Kf6 {[%clk 1:30:30]} 30. Nxc8
{[%clk 1:30:30]} Rc7 {[%clk 1:30:30]} 31. Nd6 {[%clk 1:30:30]} Qg6 {[%clk
1:30:30]} 32. e4 {[%clk 1:30:30]} Qg3 {[%clk 1:30:30]} 33. Qxg3 {[%clk 1:30:30]}
hxg3 {[%clk 1:30:30]} 34. Ne8+ {[%clk 1:30:30]} Ke7 {[%clk 1:30:30]} 35. Nxc7
{[%clk 1:30:30]} Kd7 {[%clk 1:30:30]} 36. exf5 {[%clk 1:30:30]} Kxc7 {[%clk
1:30:30]} 37. fxe6 {[%clk 1:30:30]} Kd6 {[%clk 1:30:30]} 38. Rde1 {[%clk
1:30:30]} Ke7 {[%clk 1:30:30]} 39. Rh1 {[%clk 1:30:30]} h5 {[%clk 1:30:30]} 40.
Rxh5 {[%clk 1:30:30]} Ke8 {[%clk 1:30:30]} 41. Rh7 {[%clk 1:30:30]} Kf8 {[%clk
1:30:30]} 42. Re3 {[%clk 1:30:30]} Kg8 {[%clk 1:30:30]} 43. Rb7 {[%clk 1:30:30]}
Kf8 {[%clk 1:30:30]} 44. Ra3 {[%clk 1:30:30]} Ke8 {[%clk 1:30:30]} 45. Ra8#
{[%clk 1:30:30]} 1-0

[Event "Irena Warakomska Memorial B"]
[Site "Suwalki"]
[Date "2020.08.09"]
[Round "5"]
[White "Wysocka, Edyta"]
[Black "Stefaniuk, Zbigniew"]
[Result "0-1"]
[Board "17"]
[WhiteElo "1318"]
[WhiteCountry "POL"]
[WhiteFideId "21836663"]
[WhiteEloChange "-4"]
[BlackElo "1538"]
[BlackCountry "POL"]
[BlackFideId "21894949"]
[BlackEloChange "4"]

1. e4 {[%clk 1:30:30]} c5 {[%clk 1:30:30]} 2. Nf3 {[%clk 1:30:30]} Nc6 {[%clk
1:30:30]} 3. d4 {[%clk 1:30:30]} cxd4 {[%clk 1:30:30]} 4. Nxd4 {[%clk 1:30:30]}
Nf6 {[%clk 1:30:30]} 5. Nc3 {[%clk 1:30:30]} e6 {[%clk 1:30:30]} 6. Be3 {[%clk
1:30:30]} Bb4 {[%clk 1:30:30]} 7. Bd3 {[%clk 1:30:30]} d5 {[%clk 1:30:30]} 8.
Nxc6 {[%clk 1:30:30]} bxc6 {[%clk 1:30:30]} 9. exd5 {[%clk 1:30:30]} cxd5 {[%clk
1:30:30]} 10. Bd2 {[%clk 1:30:30]} O-O {[%clk 1:30:30]} 11. O-O {[%clk 1:30:30]}
d4 {[%clk 1:30:30]} 12. Ne4 {[%clk 1:30:30]} Bxd2 {[%clk 1:30:30]} 13. Nxf6+
{[%clk 1:30:30]} Qxf6 {[%clk 1:30:30]} 14. Qxd2 {[%clk 1:30:30]} Bb7 {[%clk
1:30:30]} 15. Qe2 {[%clk 1:30:30]} Rac8 {[%clk 1:30:30]} 16. Rad1 {[%clk
1:30:30]} Rfd8 {[%clk 1:30:30]} 17. Rfe1 {[%clk 1:30:30]} Qg5 {[%clk 1:30:30]}
18. Be4 {[%clk 1:30:30]} Bxe4 {[%clk 1:30:30]} 19. Qxe4 {[%clk 1:30:30]} Qa5
{[%clk 1:30:30]} 20. a3 {[%clk 1:30:30]} Rb8 {[%clk 1:30:30]} 21. b4 {[%clk
1:30:30]} Qxa3 {[%clk 1:30:30]} 22. Rxd4 {[%clk 1:30:30]} Rxd4 {[%clk 1:30:30]}
23. Qxd4 {[%clk 1:30:30]} Qxb4 {[%clk 1:30:30]} 24. Qxb4 {[%clk 1:30:30]} Rxb4
{[%clk 1:30:30]} 25. Rc1 {[%clk 1:30:30]} a5 {[%clk 1:30:30]} 26. c4 {[%clk
1:30:30]} Kf8 {[%clk 1:30:30]} 27. Kf1 {[%clk 1:30:30]} a4 {[%clk 1:30:30]} 28.
c5 {[%clk 1:30:30]} Ke8 {[%clk 1:30:30]} 29. Rd1 {[%clk 1:30:30]} Rc4 {[%clk
1:30:30]} 30. Ra1 {[%clk 1:30:30]} Kd7 {[%clk 1:30:30]} 31. Rd1+ {[%clk 1:30:30]}
Kc6 {[%clk 1:30:30]} 32. Rd6+ {[%clk 1:30:30]} Kxc5 {[%clk 1:30:30]} 33. Rd7
{[%clk 1:30:30]} a3 {[%clk 1:30:30]} 34. Ra7 {[%clk 1:30:30]} Kb4 {[%clk
1:30:30]} 35. Ke1 {[%clk 1:30:30]} Kb3 {[%clk 1:30:30]} 36. Kd1 {[%clk 1:30:30]}
a2 {[%clk 1:30:30]} 37. Rb7+ {[%clk 1:30:30]} Rb4 {[%clk 1:30:30]} 38. Ra7 {[%clk
1:30:30]} Ra4 {[%clk 1:30:30]} 39. Rb7+ {[%clk 1:30:30]} Kc4 {[%clk 1:30:30]} 40.
Rc7+ {[%clk 1:30:30]} Kd5 {[%clk 1:30:30]} 41. Rc1 {[%clk 1:30:30]} a1=Q {[%clk
1:30:30]} 42. Rxa1 {[%clk 1:30:30]} Rxa1+ {[%clk 1:30:30]} 43. Ke2 {[%clk
1:30:30]} Ra3 {[%clk 1:30:30]} 44. f3 {[%clk 1:30:30]} Ra2+ {[%clk 1:30:30]} 45.
Kf1 {[%clk 1:30:30]} Kd4 {[%clk 1:30:30]} 46. h3 {[%clk 1:30:30]} Ke3 {[%clk
1:30:30]} 47. Kg1 {[%clk 1:30:30]} Ra1+ {[%clk 1:30:30]} 48. Kh2 {[%clk 1:30:30]}
Kf4 {[%clk 1:30:30]} 49. h4 {[%clk 1:30:30]} h5 {[%clk 1:30:30]} 50. g4 {[%clk
1:30:30]} g6 {[%clk 1:30:30]} 51. gxh5 {[%clk 1:30:30]} gxh5 {[%clk 1:30:30]} 52.
Kg2 {[%clk 1:30:30]} Ra2+ {[%clk 1:30:30]} 53. Kh3 {[%clk 1:30:30]} Ke3 {[%clk
1:30:30]} 54. f4 {[%clk 1:30:30]} Kf3 {[%clk 1:30:30]} 55. f5 {[%clk 1:30:30]}
Ra1 {[%clk 1:30:30]} 56. Kh2 {[%clk 1:30:30]} exf5 {[%clk 1:30:30]} 57. Kh3
{[%clk 1:30:30]} Rh1# {[%clk 1:30:30]} 0-1

[Event "Irena Warakomska Memorial B"]
[Site "Suwalki"]
[Date "2020.08.09"]
[Round "5"]
[White "Borowik, Karol"]
[Black "Jaszczuk, Piotr"]
[Result "1/2-1/2"]
[Board "18"]
[WhiteElo "1472"]
[WhiteCountry "POL"]
[WhiteFideId "21837147"]
[WhiteEloChange "-5"]
[BlackElo "1283"]
[BlackCountry "POL"]
[BlackFideId "21890668"]
[BlackEloChange "5"]

1. d4 {[%clk 1:30:30]} Nf6 {[%clk 1:30:30]} 2. Nf3 {[%clk 1:30:30]} e6 {[%clk
1:30:30]} 3. Bg5 {[%clk 1:30:30]} b6 {[%clk 1:30:30]} 4. e3 {[%clk 1:30:30]} Bb7
{[%clk 1:30:30]} 5. Bd3 {[%clk 1:30:30]} h6 {[%clk 1:30:30]} 6. Bh4 {[%clk
1:30:30]} g5 {[%clk 1:30:30]} 7. Bg3 {[%clk 1:30:30]} Ne4 {[%clk 1:30:30]} 8. Ne5
{[%clk 1:30:30]} d6 {[%clk 1:30:30]} 9. Nxf7 {[%clk 1:30:30]} Kxf7 {[%clk
1:30:30]} 10. Qf3+ {[%clk 1:30:30]} Qf6 {[%clk 1:30:30]} 11. Bxe4 {[%clk
1:30:30]} Qxf3 {[%clk 1:30:30]} 12. Bxf3 {[%clk 1:30:30]} Bxf3 {[%clk 1:30:30]}
13. gxf3 {[%clk 1:30:30]} Nd7 {[%clk 1:30:30]} 14. f4 {[%clk 1:30:30]} gxf4
{[%clk 1:30:30]} 15. Bxf4 {[%clk 1:30:30]} Bg7 {[%clk 1:30:30]} 16. Nd2 {[%clk
1:30:30]} e5 {[%clk 1:30:30]} 17. dxe5 {[%clk 1:30:30]} Nxe5 {[%clk 1:30:30]} 18.
Bxe5 {[%clk 1:30:30]} Bxe5 {[%clk 1:30:30]} 19. O-O-O {[%clk 1:30:30]} Rae8
{[%clk 1:30:30]} 20. Kb1 {[%clk 1:30:30]} Rhf8 {[%clk 1:30:30]} 21. Nf3 {[%clk
1:30:30]} Bg7 {[%clk 1:30:30]} 22. Nd4 {[%clk 1:30:30]} Kg8 {[%clk 1:30:30]} 23.
Rd2 {[%clk 1:30:30]} Rf7 {[%clk 1:30:30]} 24. c3 {[%clk 1:30:30]} c5 {[%clk
1:30:30]} 25. Nb5 {[%clk 1:30:30]} Ref8 {[%clk 1:30:30]} 26. Rf1 {[%clk 1:30:30]}
d5 {[%clk 1:30:30]} 27. Kc1 {[%clk 1:30:30]} a6 {[%clk 1:30:30]} 28. Na3 {[%clk
1:30:30]} Rf3 {[%clk 1:30:30]} 29. Nc2 {[%clk 1:30:30]} Kh7 {[%clk 1:30:30]} 30.
Re2 {[%clk 1:30:30]} Be5 {[%clk 1:30:30]} 31. Ne1 {[%clk 1:30:30]} R3f7 {[%clk
1:30:30]} 32. f4 {[%clk 1:30:30]} Re7 {[%clk 1:30:30]} 33. Kd1 {[%clk 1:30:30]}
Bd6 {[%clk 1:30:30]} 34. Nc2 {[%clk 1:30:30]} c4 {[%clk 1:30:30]} 35. Rfe1 {[%clk
1:30:30]} Rfe8 {[%clk 1:30:30]} 36. Nd4 {[%clk 1:30:30]} Bc5 {[%clk 1:30:30]} 37.
Nc2 {[%clk 1:30:30]} Kg6 {[%clk 1:30:30]} 38. Kd2 {[%clk 1:30:30]} b5 {[%clk
1:30:30]} 39. Nd4 {[%clk 1:30:30]} Bxd4 {[%clk 1:30:30]} 40. exd4 {[%clk
1:30:30]} Rxe2+ {[%clk 1:30:30]} 41. Rxe2 {[%clk 1:30:30]} Rxe2+ {[%clk 1:30:30]}
42. Kxe2 {[%clk 1:30:30]} Kf5 {[%clk 1:30:30]} 43. Ke3 {[%clk 1:30:30]} Kg4
{[%clk 1:30:30]} 44. h3+ {[%clk 1:30:30]} Kf5 {[%clk 1:30:30]} 45. Kf3 {[%clk
1:30:30]} h5 {[%clk 1:30:30]} 46. Ke3 {[%clk 1:30:30]} a5 {[%clk 1:30:30]} 47.
Kf3 {[%clk 1:30:30]} b4 {[%clk 1:30:30]} 48. Ke3 {[%clk 1:30:30]} Kf6 {[%clk
1:30:30]} 49. Kf3 {[%clk 1:30:30]} Kf5 {[%clk 1:30:30]} 50. Ke3 {[%clk 1:30:30]}
Kf6 {[%clk 1:30:30]} 1/2-1/2

[Event "Irena Warakomska Memorial B"]
[Site "Suwalki"]
[Date "2020.08.09"]
[Round "5"]
[White "Harasimczuk, Jakub"]
[Black "Palejko, Maria"]
[Result "1/2-1/2"]
[Board "19"]
[WhiteElo "1400"]
[WhiteCountry "POL"]
[WhiteFideId "21845115"]
[WhiteEloChange "-4"]
[BlackElo "1263"]
[BlackCountry "POL"]
[BlackFideId "21838208"]
[BlackEloChange "4"]

1. d4 {[%clk 1:30:30]} d5 {[%clk 1:30:30]} 2. c4 {[%clk 1:30:30]} e6 {[%clk
1:30:30]} 3. Nc3 {[%clk 1:30:30]} Nf6 {[%clk 1:30:30]} 4. Bg5 {[%clk 1:30:30]}
Be7 {[%clk 1:30:30]} 5. Nf3 {[%clk 1:30:30]} O-O {[%clk 1:30:30]} 6. e3 {[%clk
1:30:30]} h6 {[%clk 1:30:30]} 7. Bh4 {[%clk 1:30:30]} b6 {[%clk 1:30:30]} 8. Be2
{[%clk 1:30:30]} Bb7 {[%clk 1:30:30]} 9. Rc1 {[%clk 1:30:30]} Nbd7 {[%clk
1:30:30]} 10. Bg3 {[%clk 1:30:30]} c5 {[%clk 1:30:30]} 11. O-O {[%clk 1:30:30]}
Rc8 {[%clk 1:30:30]} 12. cxd5 {[%clk 1:30:30]} exd5 {[%clk 1:30:30]} 13. Re1
{[%clk 1:30:30]} Ne4 {[%clk 1:30:30]} 14. Nxe4 {[%clk 1:30:30]} dxe4 {[%clk
1:30:30]} 15. Ne5 {[%clk 1:30:30]} Bf6 {[%clk 1:30:30]} 16. Nxd7 {[%clk 1:30:30]}
Qxd7 {[%clk 1:30:30]} 17. Bg4 {[%clk 1:30:30]} Qe7 {[%clk 1:30:30]} 18. Bxc8
{[%clk 1:30:30]} Rxc8 {[%clk 1:30:30]} 19. Qg4 {[%clk 1:30:30]} c4 {[%clk
1:30:30]} 20. a3 {[%clk 1:30:30]} a5 {[%clk 1:30:30]} 21. Rc2 {[%clk 1:30:30]} b5
{[%clk 1:30:30]} 22. Rec1 {[%clk 1:30:30]} g6 {[%clk 1:30:30]} 23. a4 {[%clk
1:30:30]} h5 {[%clk 1:30:30]} 24. Qe2 {[%clk 1:30:30]} Ba6 {[%clk 1:30:30]} 25.
axb5 {[%clk 1:30:30]} Bxb5 {[%clk 1:30:30]} 26. Qd2 {[%clk 1:30:30]} a4 {[%clk
1:30:30]} 27. Qa5 {[%clk 1:30:30]} Qd7 {[%clk 1:30:30]} 28. h3 {[%clk 1:30:30]}
Bd8 {[%clk 1:30:30]} 29. Qd2 {[%clk 1:30:30]} Qd5 {[%clk 1:30:30]} 30. Be5 {[%clk
1:30:30]} f6 {[%clk 1:30:30]} 31. Bh2 {[%clk 1:30:30]} Kg7 {[%clk 1:30:30]} 32.
Kh1 {[%clk 1:30:30]} g5 {[%clk 1:30:30]} 33. Qb4 {[%clk 1:30:30]} Qf5 {[%clk
1:30:30]} 34. Kg1 {[%clk 1:30:30]} h4 {[%clk 1:30:30]} 35. Bd6 {[%clk 1:30:30]}
Kg6 {[%clk 1:30:30]} 36. Bc5 {[%clk 1:30:30]} Qd7 {[%clk 1:30:30]} 37. Ra1 {[%clk
1:30:30]} Ra8 {[%clk 1:30:30]} 38. Qe1 {[%clk 1:30:30]} Bc7 {[%clk 1:30:30]} 39.
Qd2 {[%clk 1:30:30]} g4 {[%clk 1:30:30]} 40. hxg4 {[%clk 1:30:30]} Qxg4 {[%clk
1:30:30]} 41. Qe2 {[%clk 1:30:30]} Qg5 {[%clk 1:30:30]} 42. f4 {[%clk 1:30:30]}
exf3 {[%clk 1:30:30]} 43. Qxf3 {[%clk 1:30:30]} Re8 {[%clk 1:30:30]} 44. e4
{[%clk 1:30:30]} Bd7 {[%clk 1:30:30]} 45. e5 {[%clk 1:30:30]} fxe5 {[%clk
1:30:30]} 46. Rf1 {[%clk 1:30:30]} Qf5 {[%clk 1:30:30]} 47. Qxf5+ {[%clk
1:30:30]} Bxf5 {[%clk 1:30:30]} 48. Rcf2 {[%clk 1:30:30]} Bd3 {[%clk 1:30:30]}
49. Re1 {[%clk 1:30:30]} e4 {[%clk 1:30:30]} 50. Rf8 {[%clk 1:30:30]} Rxf8 {[%clk
1:30:30]} 51. Bxf8 {[%clk 1:30:30]} Bg3 {[%clk 1:30:30]} 52. Rd1 {[%clk 1:30:30]}
e3 {[%clk 1:30:30]} 53. Bb4 {[%clk 1:30:30]} Bf2+ {[%clk 1:30:30]} 54. Kh2 {[%clk
1:30:30]} Kf5 {[%clk 1:30:30]} 55. Bc3 {[%clk 1:30:30]} Bg3+ {[%clk 1:30:30]} 56.
Kg1 {[%clk 1:30:30]} Bf2+ {[%clk 1:30:30]} 57. Kh2 {[%clk 1:30:30]} Kf4 {[%clk
1:30:30]} 58. Ra1 {[%clk 1:30:30]} Bc2 {[%clk 1:30:30]} 59. Be1 {[%clk 1:30:30]}
Ke4 {[%clk 1:30:30]} 60. d5 {[%clk 1:30:30]} Kxd5 {[%clk 1:30:30]} 61. Bxf2
{[%clk 1:30:30]} exf2 {[%clk 1:30:30]} 62. Rf1 {[%clk 1:30:30]} Kd4 {[%clk
1:30:30]} 63. Rxf2 {[%clk 1:30:30]} Kd3 {[%clk 1:30:30]} 64. Kh3 {[%clk 1:30:30]}
Bd1 {[%clk 1:30:30]} 65. Kxh4 {[%clk 1:30:30]} c3 {[%clk 1:30:30]} 66. bxc3
{[%clk 1:30:30]} Kxc3 {[%clk 1:30:30]} 67. g4 {[%clk 1:30:30]} a3 {[%clk
1:30:30]} 68. g5 {[%clk 1:30:30]} Bb3 {[%clk 1:30:30]} 69. g6 {[%clk 1:30:30]} a2
{[%clk 1:30:30]} 70. g7 {[%clk 1:30:30]} a1=Q {[%clk 1:30:30]} 71. Rf3+ {[%clk
1:30:30]} Kd2 {[%clk 1:30:30]} 72. Rxb3 {[%clk 1:30:30]} Qxg7 {[%clk 1:30:30]}
73. Rg3 {[%clk 1:30:30]} Qe7+ {[%clk 1:30:30]} 74. Kg4 {[%clk 1:30:30]} Qe4+
{[%clk 1:30:30]} 75. Kg5 {[%clk 1:30:30]} Ke2 {[%clk 1:30:30]} 76. Rg4 {[%clk
1:30:30]} Qe5+ {[%clk 1:30:30]} 77. Kg6 {[%clk 1:30:30]} Kf3 {[%clk 1:30:30]} 78.
Rg5 {[%clk 1:30:30]} Qe6+ {[%clk 1:30:30]} 79. Kg7 {[%clk 1:30:30]} Kf4 {[%clk
1:30:30]} 80. Rg6 {[%clk 1:30:30]} Qe7+ {[%clk 1:30:30]} 81. Kh8 {[%clk 1:30:30]}
Ke5 {[%clk 1:30:30]} 82. Rg8 {[%clk 1:30:30]} Qf7 {[%clk 1:30:30]} 83. Rg5+
{[%clk 1:30:30]} Ke4 {[%clk 1:30:30]} 84. Rg4+ {[%clk 1:30:30]} Kf5 {[%clk
1:30:30]} 85. Rf4+ {[%clk 1:30:30]} Kxf4 {[%clk 1:30:30]} 1/2-1/2

[Event "Irena Warakomska Memorial B"]
[Site "Suwalki"]
[Date "2020.08.09"]
[Round "5"]
[White "Wydornik, Robert"]
[Black "Szewczyk, Malwina"]
[Result "1/2-1/2"]
[Board "20"]
[WhiteElo "1357"]
[WhiteCountry "POL"]
[WhiteFideId "1140256"]
[WhiteEloChange "-1"]
[BlackElo "1323"]
[BlackCountry "POL"]
[BlackFideId "21801649"]
[BlackEloChange "1"]

1. e4 {[%clk 1:30:30]} c5 {[%clk 1:30:30]} 2. Nf3 {[%clk 1:30:30]} Nc6 {[%clk
1:30:30]} 3. d4 {[%clk 1:30:30]} cxd4 {[%clk 1:30:30]} 4. Nxd4 {[%clk 1:30:30]}
g6 {[%clk 1:30:30]} 5. Nc3 {[%clk 1:30:30]} Bg7 {[%clk 1:30:30]} 6. Be3 {[%clk
1:30:30]} Nf6 {[%clk 1:30:30]} 7. f3 {[%clk 1:30:30]} O-O {[%clk 1:30:30]} 8. Qd2
{[%clk 1:30:30]} d5 {[%clk 1:30:30]} 9. exd5 {[%clk 1:30:30]} Nxd5 {[%clk
1:30:30]} 10. Nxc6 {[%clk 1:30:30]} bxc6 {[%clk 1:30:30]} 11. Bd4 {[%clk
1:30:30]} Nb4 {[%clk 1:30:30]} 12. Bxg7 {[%clk 1:30:30]} Kxg7 {[%clk 1:30:30]}
13. O-O-O {[%clk 1:30:30]} Bf5 {[%clk 1:30:30]} 14. a3 {[%clk 1:30:30]} Nxc2
{[%clk 1:30:30]} 15. g4 {[%clk 1:30:30]} Na1 {[%clk 1:30:30]} 16. Bc4 {[%clk
1:30:30]} Qxd2+ {[%clk 1:30:30]} 17. Rxd2 {[%clk 1:30:30]} Be6 {[%clk 1:30:30]}
18. Bxe6 {[%clk 1:30:30]} fxe6 {[%clk 1:30:30]} 19. Rd3 {[%clk 1:30:30]} Nb3+
{[%clk 1:30:30]} 20. Kc2 {[%clk 1:30:30]} Nc5 {[%clk 1:30:30]} 21. Re3 {[%clk
1:30:30]} Kf7 {[%clk 1:30:30]} 22. b4 {[%clk 1:30:30]} Nd7 {[%clk 1:30:30]} 23.
Rhe1 {[%clk 1:30:30]} e5 {[%clk 1:30:30]} 24. f4 {[%clk 1:30:30]} e6 {[%clk
1:30:30]} 25. fxe5 {[%clk 1:30:30]} Ke7 {[%clk 1:30:30]} 26. Rh3 {[%clk 1:30:30]}
Rf2+ {[%clk 1:30:30]} 27. Kd3 {[%clk 1:30:30]} Rf7 {[%clk 1:30:30]} 28. Ree3
{[%clk 1:30:30]} Rd8 {[%clk 1:30:30]} 29. Ke2 {[%clk 1:30:30]} Nb6 {[%clk
1:30:30]} 30. Rd3 {[%clk 1:30:30]} Nc4 {[%clk 1:30:30]} 31. Rxd8 {[%clk 1:30:30]}
Kxd8 {[%clk 1:30:30]} 32. Ne4 {[%clk 1:30:30]} Nxe5 {[%clk 1:30:30]} 33. Ng5
{[%clk 1:30:30]} Re7 {[%clk 1:30:30]} 34. Nxh7 {[%clk 1:30:30]} Nxg4 {[%clk
1:30:30]} 35. Ng5 {[%clk 1:30:30]} Kd7 {[%clk 1:30:30]} 36. Rh4 {[%clk 1:30:30]}
Nf6 {[%clk 1:30:30]} 37. Rd4+ {[%clk 1:30:30]} Nd5 {[%clk 1:30:30]} 38. Ne4
{[%clk 1:30:30]} Kc7 {[%clk 1:30:30]} 39. Nc5 {[%clk 1:30:30]} Nc3+ {[%clk
1:30:30]} 40. Kd3 {[%clk 1:30:30]} Nb5 {[%clk 1:30:30]} 41. Rg4 {[%clk 1:30:30]}
Nxa3 {[%clk 1:30:30]} 42. Rxg6 {[%clk 1:30:30]} Kd6 {[%clk 1:30:30]} 43. h4
{[%clk 1:30:30]} Ke5 {[%clk 1:30:30]} 44. h5 {[%clk 1:30:30]} Re8 {[%clk
1:30:30]} 45. h6 {[%clk 1:30:30]} Kf5 {[%clk 1:30:30]} 46. Rxe6 {[%clk 1:30:30]}
Rxe6 {[%clk 1:30:30]} 47. Nxe6 {[%clk 1:30:30]} Kg6 {[%clk 1:30:30]} 48. Nd4
{[%clk 1:30:30]} Kxh6 {[%clk 1:30:30]} 49. Nxc6 {[%clk 1:30:30]} Nb5 {[%clk
1:30:30]} 50. Kc4 {[%clk 1:30:30]} Nd6+ {[%clk 1:30:30]} 51. Kc5 {[%clk 1:30:30]}
Nc8 {[%clk 1:30:30]} 52. Kb5 {[%clk 1:30:30]} Nb6 {[%clk 1:30:30]} 53. Ne7 {[%clk
1:30:30]} Kg7 {[%clk 1:30:30]} 54. Ka6 {[%clk 1:30:30]} Kf7 {[%clk 1:30:30]} 55.
Kxa7 {[%clk 1:30:30]} Nc4 {[%clk 1:30:30]} 56. Nc6 {[%clk 1:30:30]} Ke6 {[%clk
1:30:30]} 57. Ka6 {[%clk 1:30:30]} Kd6 {[%clk 1:30:30]} 58. Na5 {[%clk 1:30:30]}
Na3 {[%clk 1:30:30]} 59. Kb6 {[%clk 1:30:30]} Nc2 {[%clk 1:30:30]} 60. Nc4+
{[%clk 1:30:30]} Kd7 {[%clk 1:30:30]} 61. Ne5+ {[%clk 1:30:30]} Kc8 {[%clk
1:30:30]} 62. b5 {[%clk 1:30:30]} Na3 {[%clk 1:30:30]} 1/2-1/2

[Event "Irena Warakomska Memorial B"]
[Site "Suwalki"]
[Date "2020.08.09"]
[Round "5"]
[White "Pieczulis, Hubert"]
[Black "Gladyszewski, Adam"]
[Result "1-0"]
[Board "21"]
[WhiteElo "1456"]
[WhiteCountry "POL"]
[WhiteFideId "21860335"]
[WhiteEloChange "3"]
[BlackElo "1174"]
[BlackCountry "POL"]
[BlackFideId "21856788"]
[BlackEloChange "-3"]

1. Nf3 {[%clk 1:30:30]} Nf6 {[%clk 1:30:30]} 2. d4 {[%clk 1:30:30]} d5 {[%clk
1:30:30]} 3. Bf4 {[%clk 1:30:30]} Nh5 {[%clk 1:30:30]} 4. Bg3 {[%clk 1:30:30]}
Nxg3 {[%clk 1:30:30]} 5. hxg3 {[%clk 1:30:30]} Bg4 {[%clk 1:30:30]} 6. e3 {[%clk
1:30:30]} Nd7 {[%clk 1:30:30]} 7. Be2 {[%clk 1:30:30]} e6 {[%clk 1:30:30]} 8. a3
{[%clk 1:30:30]} a6 {[%clk 1:30:30]} 9. c4 {[%clk 1:30:30]} dxc4 {[%clk 1:30:30]}
10. Bxc4 {[%clk 1:30:30]} b5 {[%clk 1:30:30]} 11. Be2 {[%clk 1:30:30]} c5 {[%clk
1:30:30]} 12. Nbd2 {[%clk 1:30:30]} c4 {[%clk 1:30:30]} 13. a4 {[%clk 1:30:30]}
Bb4 {[%clk 1:30:30]} 14. O-O {[%clk 1:30:30]} Nf6 {[%clk 1:30:30]} 15. Ne5 {[%clk
1:30:30]} Bxe2 {[%clk 1:30:30]} 16. Qxe2 {[%clk 1:30:30]} Rc8 {[%clk 1:30:30]}
17. axb5 {[%clk 1:30:30]} axb5 {[%clk 1:30:30]} 18. Rfc1 {[%clk 1:30:30]} O-O
{[%clk 1:30:30]} 19. Nb1 {[%clk 1:30:30]} Ne4 {[%clk 1:30:30]} 20. Nc3 {[%clk
1:30:30]} Nxc3 {[%clk 1:30:30]} 21. bxc3 {[%clk 1:30:30]} Bd6 {[%clk 1:30:30]}
22. Nf3 {[%clk 1:30:30]} Qc7 {[%clk 1:30:30]} 23. Rcb1 {[%clk 1:30:30]} Rb8
{[%clk 1:30:30]} 24. Nd2 {[%clk 1:30:30]} Rfc8 {[%clk 1:30:30]} 25. Ne4 {[%clk
1:30:30]} Be7 {[%clk 1:30:30]} 26. Ra2 {[%clk 1:30:30]} f5 {[%clk 1:30:30]} 27.
Nd2 {[%clk 1:30:30]} b4 {[%clk 1:30:30]} 28. cxb4 {[%clk 1:30:30]} c3 {[%clk
1:30:30]} 29. Rc1 {[%clk 1:30:30]} Bxb4 {[%clk 1:30:30]} 30. Nb1 {[%clk 1:30:30]}
Qc4 {[%clk 1:30:30]} 31. Qxc4 {[%clk 1:30:30]} Rxc4 {[%clk 1:30:30]} 32. Rac2
{[%clk 1:30:30]} Rbc8 {[%clk 1:30:30]} 33. Kf1 {[%clk 1:30:30]} Ra8 {[%clk
1:30:30]} 34. Ke2 {[%clk 1:30:30]} Kf7 {[%clk 1:30:30]} 35. Kd3 {[%clk 1:30:30]}
Rc7 {[%clk 1:30:30]} 36. Ke2 {[%clk 1:30:30]} Rac8 {[%clk 1:30:30]} 37. Kd3
{[%clk 1:30:30]} Kf6 {[%clk 1:30:30]} 38. Nxc3 {[%clk 1:30:30]} Kf7 {[%clk
1:30:30]} 39. f3 {[%clk 1:30:30]} Ba5 {[%clk 1:30:30]} 40. Ne2 {[%clk 1:30:30]}
Rxc2 {[%clk 1:30:30]} 41. Rxc2 {[%clk 1:30:30]} Rxc2 {[%clk 1:30:30]} 42. Kxc2
{[%clk 1:30:30]} Kf6 {[%clk 1:30:30]} 43. Kd3 {[%clk 1:30:30]} g5 {[%clk
1:30:30]} 44. e4 {[%clk 1:30:30]} e5 {[%clk 1:30:30]} 45. d5 {[%clk 1:30:30]} h5
{[%clk 1:30:30]} 46. Kc4 {[%clk 1:30:30]} fxe4 {[%clk 1:30:30]} 47. fxe4 {[%clk
1:30:30]} g4 {[%clk 1:30:30]} 48. Kb5 {[%clk 1:30:30]} Be1 {[%clk 1:30:30]} 49.
Kc6 {[%clk 1:30:30]} Ke7 {[%clk 1:30:30]} 50. d6+ {[%clk 1:30:30]} Kd8 {[%clk
1:30:30]} 51. Kd5 {[%clk 1:30:30]} Kd7 {[%clk 1:30:30]} 52. Kxe5 {[%clk 1:30:30]}
h4 {[%clk 1:30:30]} 53. gxh4 {[%clk 1:30:30]} Bxh4 {[%clk 1:30:30]} 54. Kd5
{[%clk 1:30:30]} Bg5 {[%clk 1:30:30]} 55. e5 {[%clk 1:30:30]} Kc8 {[%clk
1:30:30]} 56. e6 {[%clk 1:30:30]} Kd8 {[%clk 1:30:30]} 57. Nd4 {[%clk 1:30:30]}
g3 {[%clk 1:30:30]} 58. Nc6+ {[%clk 1:30:30]} Ke8 {[%clk 1:30:30]} 59. d7+ {[%clk
1:30:30]} Kf8 {[%clk 1:30:30]} 60. d8=Q+ {[%clk 1:30:30]} Bxd8 {[%clk 1:30:30]}
61. Nxd8 {[%clk 1:30:30]} Ke8 {[%clk 1:30:30]} 62. Nc6 {[%clk 1:30:30]} Kf8
{[%clk 1:30:30]} 63. Kd6 {[%clk 1:30:30]} Ke8 {[%clk 1:30:30]} 64. Kc7 {[%clk
1:30:30]} Kf8 {[%clk 1:30:30]} 65. Kd7 {[%clk 1:30:30]} 1-0